[Event "Bayern-chTT (LL Sued)"]
[Site "Bayern 2008/09"]
[Date "2008.10.05"]
[Round "1.4"]
[White "Lederle, Vitus"]
[Black "Herb, Stefan"]
[Result "1-0"]
[WhiteElo "2082"]
[BlackElo "2029"]
[PlyCount "79"]
[EventDate "2009.03.??"]
[EventType "team-tourn"]
[EventRounds "9"]
[WhiteTeam "Dillingen 1"]
[BlackTeam "Haunstetten 1"]

1. e4 e6 2. d4 d5 3. e5 c5 4. c3 Qb6 5. Nf3 Bd7 6. a3 a5 7. Bd3 Bb5 8. O-O Bxd3
9. Qxd3 c4 10. Qc2 a4 11. Be3 Nc6 12. Nbd2 h6 13. Nxc4 dxc4 14. d5 Bc5 15. Bxc5
Qxc5 16. dxc6 b5 17. Qe4 Ne7 18. Rad1 Nd5 19. Nd4 O-O 20. f4 Ne7 21. Kh1 Rad8
22. f5 Nxf5 23. Nxf5 exf5 24. Qxf5 Rxd1 25. Rxd1 Qxc6 26. h3 Qb6 27. Qd7 h5 28.
Rd4 h4 29. Qd6 Qb7 30. Rxh4 Re8 31. Rd4 Qc8 32. Rf4 Rd8 33. Qb6 Rd1+ 34. Kh2
Qd7 35. Qb8+ Kh7 36. Rh4+ Kg6 37. Qh8 Kf5 38. Qxg7 Ke6 39. Rh6+ Ke7 40. Qf6+
1-0

[Event "Bayern-chTT (LL Sued)"]
[Site "Bayern 2008/09"]
[Date "2008.10.05"]
[Round "1.5"]
[White "Fehmer, Dirk"]
[Black "Nuber, Blasius"]
[Result "1/2-1/2"]
[WhiteElo "2000"]
[BlackElo "2094"]
[PlyCount "35"]
[EventDate "2009.03.??"]
[EventType "team-tourn"]
[EventRounds "9"]
[WhiteTeam "Haunstetten 1"]
[BlackTeam "Dillingen 1"]

1. d4 Nf6 2. c4 e6 3. g3 d5 4. Nf3 Be7 5. Bg2 O-O 6. Qc2 Nbd7 7. O-O c6 8. b3
b6 9. Nbd2 Bb7 10. e4 dxe4 11. Nxe4 c5 12. Nxf6+ Bxf6 13. Bb2 cxd4 14. Nxd4
Bxg2 15. Kxg2 Qc7 16. Nf3 Qc6 17. Bxf6 Nxf6 18. Qe2 1/2-1/2

[Event "Bayern-chTT (LL Sued)"]
[Site "Bayern 2008/09"]
[Date "2008.10.05"]
[Round "1.6"]
[White "Giss, Arthur"]
[Black "Rubke, Manfred"]
[Result "1-0"]
[WhiteElo "1975"]
[BlackElo "2107"]
[PlyCount "117"]
[EventDate "2009.03.??"]
[EventType "team-tourn"]
[EventRounds "9"]
[WhiteTeam "Dillingen 1"]
[BlackTeam "Haunstetten 1"]

1. e4 d5 2. exd5 Qxd5 3. Nc3 Qa5 4. d4 c6 5. Nf3 Nf6 6. Bc4 Bf5 7. Bd2 e6 8.
Qe2 Bb4 9. O-O-O Nbd7 10. Ne5 Nxe5 11. dxe5 Nd5 12. Nxd5 exd5 13. Bxb4 Qxb4 14.
Bd3 Be6 15. Qe3 Qa5 16. a3 c5 17. Be2 O-O-O 18. f4 h5 19. Bf3 g6 20. Qb3 c4 21.
Qe3 Rd7 22. Rd4 Kb8 23. Qd2 Qc5 24. Rd1 Rhd8 25. Qb4 Qc6 26. Qa5 b6 27. Qc3 Qc5
28. Qb4 Qc6 29. h3 a5 30. Qd2 Ka7 31. g4 hxg4 32. hxg4 Qc5 33. c3 Rh8 34. Qg2
Rf8 35. Bxd5 Bxd5 36. Rxd5 Qe3+ 37. Qd2 Qxd2+ 38. R1xd2 Rc7 39. Rd7 Kb7 40.
R2d4 Rxd7 41. Rxd7+ Kc6 42. Re7 Kd5 43. Rd7+ Kc5 44. a4 b5 45. axb5 Kxb5 46.
Rc7 a4 47. Kc2 g5 48. f5 Re8 49. Rxf7 Rxe5 50. Rg7 Re2+ 51. Kc1 a3 52. bxa3 Ka4
53. Rxg5 Rf2 54. Rh5 Kb3 55. Rh3 Rc2+ 56. Kd1 Kb2 57. Rf3 Rc1+ 58. Ke2 Rc2+ 59.
Ke1 1-0

[Event "Bayern-chTT (LL Sued)"]
[Site "Bayern 2008/09"]
[Date "2008.10.05"]
[Round "1.7"]
[White "Urbach, Isaak"]
[Black "Nuber, Helene"]
[Result "1/2-1/2"]
[WhiteElo "1898"]
[BlackElo "2012"]
[PlyCount "85"]
[EventDate "2009.03.??"]
[EventType "team-tourn"]
[EventRounds "9"]
[WhiteTeam "Haunstetten 1"]
[BlackTeam "Dillingen 1"]

1. Nf3 d5 2. d4 Nf6 3. Bf4 e6 4. e3 c5 5. dxc5 Bxc5 6. c3 Nc6 7. Nbd2 O-O 8.
Bd3 Re8 9. Ne5 Ne7 10. Bg5 Ng6 11. Nxg6 hxg6 12. Qc2 e5 13. O-O-O Bd7 14. h4
Qb6 15. Nb3 Ba4 16. Bxf6 Qxf6 17. Qe2 Bxb3 18. axb3 a6 19. h5 g5 20. Bc2 Rad8
21. Qf3 Qxf3 22. gxf3 d4 23. cxd4 exd4 24. e4 Rd6 25. Bd3 Rf6 26. Rh3 Rf4 27.
Rg1 Re5 28. Rhg3 Be7 29. Bc4 Rc5 30. Kd2 Rh4 31. Kd3 Bf6 32. b4 Rc7 33. e5 Be7
34. Rg4 Rxh5 35. Rxd4 Bxb4 36. Rd8+ Kh7 37. Bd5 Be7 38. Be4+ g6 39. Rb8 Rh2 40.
Rxb7 Rxb7 41. Bxb7 Rxf2 42. b3 a5 43. Rc1 1/2-1/2

[Event "Bayern-chTT (LL Sued)"]
[Site "Bayern 2008/09"]
[Date "2008.10.05"]
[Round "1.8"]
[White "Darr, Thomas"]
[Black "Silberman, Denis"]
[Result "1-0"]
[WhiteElo "1934"]
[BlackElo "1873"]
[PlyCount "73"]
[EventDate "2009.03.??"]
[EventType "team-tourn"]
[EventRounds "9"]
[WhiteTeam "Dillingen 1"]
[BlackTeam "Haunstetten 1"]

1. d4 d5 2. c4 e6 3. Nf3 Nf6 4. g3 Be7 5. Bg2 Nbd7 6. O-O Ne4 7. Nc3 Ndf6 8.
Ne5 Nxc3 9. bxc3 O-O 10. Rb1 c6 11. Qa4 Ne8 12. cxd5 cxd5 13. c4 f6 14. Nd3 Bd7
15. Qb3 Bc6 16. cxd5 exd5 17. e4 Qa5 18. Nf4 Nd6 19. exd5 Bd7 20. Ne6 Rfc8 21.
Bf4 Rc3 22. Qb2 Rac8 23. Bd2 Bb5 24. Bxc3 Rxc3 25. Rfc1 Ra3 26. Rc7 Bf8 27.
Rbc1 Rxa2 28. Qc3 Qxc3 29. R7xc3 a5 30. Bf1 Bxf1 31. Kxf1 b5 32. Rc6 Nc4 33.
Nxf8 Kxf8 34. Re1 Kf7 35. d6 a4 36. d7 Rd2 37. d8=Q 1-0

[Event "Bayern-chTT (LL Sued)"]
[Site "Bayern 2008/09"]
[Date "2008.10.05"]
[Round "1.1"]
[White "Niebergall, Gerhard"]
[Black "Bredl, Harald"]
[Result "0-1"]
[WhiteElo "2049"]
[BlackElo "2310"]
[PlyCount "130"]
[EventDate "2009.03.??"]
[EventType "team-tourn"]
[EventRounds "9"]
[WhiteTeam "München-Bayern 3"]
[BlackTeam "Garching 1"]

1. e4 e6 2. d4 d5 3. Nc3 Nc6 4. Nf3 Nf6 5. e5 Ne4 6. Bd3 Bb4 7. Bd2 Nxd2 8.
Qxd2 b6 9. a3 Bf8 10. O-O Bb7 11. Na2 Qd7 12. b4 f5 13. Rfc1 Ne7 14. Qe2 Ng6
15. g3 Be7 16. h4 O-O 17. Ng5 h6 18. Nh3 Nh8 19. h5 c5 20. c3 Nf7 21. f4 Nd8
22. Kh2 Nc6 23. g4 cxd4 24. gxf5 exf5 25. Rg1 dxc3 26. Nxc3 Kh8 27. Qg2 Rg8 28.
Qg6 Nd4 29. Raf1 Qc6 30. Ne2 Qxg6 31. Rxg6 Nxe2 32. Bxe2 d4 33. Re6 Bh4 34. Rd6
Rac8 35. Bd3 Rc3 36. Bxf5 Rxa3 37. Nf2 Rf3 38. Kg1 Rg3+ 39. Kh2 Rf3 40. Kg1
Rxf4 41. Bg6 Ba6 42. Nd3 Rg4+ 43. Kh2 Rxg6 44. hxg6 Bxd3 45. Rd1 Bc2 46. R1xd4
Bg5 47. Kg3 Rf8 48. Rc6 Be3 49. Rdc4 Bf5 50. Kf3 Bg5 51. Kg3 Kg8 52. Rd6 Re8
53. Rc7 Rxe5 54. Rxa7 Re3+ 55. Kf2 Re8 56. Ra3 Bf6 57. Kf1 Bxg6 58. Rxb6 Re4
59. Rb8+ Kh7 60. Raa8 Bf5 61. Ra5 Bg4 62. b5 Bh4 63. b6 Bh3+ 64. Kg1 Bg3 65.
Ra1 Bxb8 0-1

[Event "Bayern-chTT (LL Sued)"]
[Site "Bayern 2008/09"]
[Date "2008.10.05"]
[Round "1.2"]
[White "Schmitz, Thorsten(74)"]
[Black "Rajic, Ivica"]
[Result "1-0"]
[WhiteElo "2243"]
[BlackElo "2090"]
[PlyCount "73"]
[EventDate "2009.03.??"]
[EventType "team-tourn"]
[EventRounds "9"]
[WhiteTeam "Garching 1"]
[BlackTeam "München-Bayern 3"]

1. d4 Nf6 2. Bg5 Ne4 3. Bf4 d5 4. e3 c6 5. Bd3 Nd6 6. Nd2 g6 7. h4 h6 8. h5 g5
9. Be5 Rg8 10. Bh7 Rg7 11. Bxg7 Bxg7 12. Qe2 Qa5 13. Bd3 c5 14. c3 cxd4 15.
exd4 Nc6 16. Ngf3 Bg4 17. Qe3 Nf5 18. Bxf5 Bxf5 19. Nxg5 Qb5 20. Nb3 Bc2 21.
Nf3 a5 22. Qd2 Bxb3 23. axb3 Qxb3 24. O-O e6 25. Rfe1 Qb6 26. Qd3 Qd8 27. b3
Kf8 28. Qb5 Rb8 29. Re3 Qc7 30. Rae1 b6 31. Qd3 Kg8 32. Ne5 b5 33. Rg3 Kh8 34.
Nxc6 Qxc6 35. Qf3 Qd6 36. Qxf7 Rg8 37. Rxe6 1-0

[Event "Bayern-chTT (LL Sued)"]
[Site "Bayern 2008/09"]
[Date "2008.10.05"]
[Round "1.3"]
[White "Kunze, Holger"]
[Black "Pitschka, Claus"]
[Result "1/2-1/2"]
[WhiteElo "2068"]
[BlackElo "2249"]
[PlyCount "20"]
[EventDate "2009.03.??"]
[EventType "team-tourn"]
[EventRounds "9"]
[WhiteTeam "München-Bayern 3"]
[BlackTeam "Garching 1"]

1. d4 d5 2. c4 dxc4 3. Nf3 Nf6 4. e3 Bg4 5. Bxc4 e6 6. Nc3 Nbd7 7. h3 Bh5 8.
O-O Bd6 9. e4 e5 10. Be2 Bg6 1/2-1/2

[Event "Bayern-chTT (LL Sued)"]
[Site "Bayern 2008/09"]
[Date "2008.10.05"]
[Round "1.4"]
[White "Schleich, Markus"]
[Black "Enigl, Karl"]
[Result "1-0"]
[WhiteElo "2203"]
[BlackElo "2089"]
[PlyCount "39"]
[EventDate "2009.03.??"]
[EventType "team-tourn"]
[EventRounds "9"]
[WhiteTeam "Garching 1"]
[BlackTeam "München-Bayern 3"]

1. e4 d6 2. d4 Nf6 3. Nc3 g6 4. Be3 c6 5. h3 Nbd7 6. f4 Qa5 7. Bd3 d5 8. exd5
Nxd5 9. Bd2 Bg7 10. Nf3 Nxc3 11. bxc3 Qc7 12. O-O O-O 13. f5 c5 14. fxg6 hxg6
15. Qe1 c4 16. Ng5 Bf6 17. Be4 Kg7 18. Bxg6 Qa5 19. Bf5 Rh8 20. Qg3 1-0

[Event "Bayern-chTT (LL Sued)"]
[Site "Bayern 2008/09"]
[Date "2008.10.05"]
[Round "1.5"]
[White "Klenk, Robert"]
[Black "Wiegner, Denis"]
[Result "1-0"]
[WhiteElo "2086"]
[BlackElo "2188"]
[PlyCount "81"]
[EventDate "2009.03.??"]
[EventType "team-tourn"]
[EventRounds "9"]
[WhiteTeam "München-Bayern 3"]
[BlackTeam "Garching 1"]

1. d4 d5 2. c4 Nc6 3. cxd5 Qxd5 4. e3 e5 5. Nc3 Bb4 6. Bd2 Bxc3 7. bxc3 Nf6 8.
f3 O-O 9. Qb3 Qd6 10. Bd3 a6 11. Ne2 b5 12. O-O Be6 13. Qb1 h6 14. Be1 Nd5 15.
Bf2 Nb6 16. e4 Bc4 17. Rd1 Rad8 18. d5 Na5 19. Qb4 Nb7 20. Bxc4 Nxc4 21. a4 c5
22. Qb1 b4 23. cxb4 cxb4 24. Nc1 Rc8 25. Nd3 a5 26. Qb3 Rc7 27. Rac1 Rfc8 28.
Kf1 Qa6 29. Kg1 Qd6 30. Kf1 f6 31. g3 Qa6 32. Kg2 Kh7 33. Kg1 Nbd6 34. Kg2 h5
35. h4 g6 36. Kg1 Nd2 37. Rxc7+ Rxc7 38. Rxd2 Rc3 39. Qd1 Nc4 40. Nc5 Qd6 41.
Rc2 1-0

[Event "Bayern-chTT (LL Sued)"]
[Site "Bayern 2008/09"]
[Date "2008.10.05"]
[Round "1.6"]
[White "Nuessel, Georg"]
[Black "Loos, Stephan(66)"]
[Result "0-1"]
[WhiteElo "2136"]
[BlackElo "2005"]
[PlyCount "68"]
[EventDate "2009.03.??"]
[EventType "team-tourn"]
[EventRounds "9"]
[WhiteTeam "Garching 1"]
[BlackTeam "München-Bayern 3"]

1. c4 f5 2. Nf3 Nf6 3. Nc3 g6 4. b4 Bg7 5. Bb2 d6 6. e3 e5 7. d4 e4 8. Nd2 O-O
9. Qb3 c6 10. Be2 Be6 11. a4 Nbd7 12. h3 Qe7 13. b5 Bh6 14. O-O-O Rfc8 15. Kb1
d5 16. g4 f4 17. exf4 Bxf4 18. Nf1 Nb6 19. c5 Nc4 20. Bxc4 dxc4 21. Qc2 Bf7 22.
Ne3 b6 23. Ba3 Rab8 24. Ka2 bxc5 25. Bxc5 Bd6 26. g5 Nd5 27. Nexd5 Bxd5 28.
Bxd6 Qxd6 29. Rhe1 cxb5 30. axb5 Rxb5 31. Nxb5 c3+ 32. Kb1 Qb4+ 33. Kc1 Qxb5
34. Re3 Qb4 0-1

[Event "Bayern-chTT (LL Sued)"]
[Site "Bayern 2008/09"]
[Date "2008.10.05"]
[Round "1.7"]
[White "Riewe, Gerhard"]
[Black "Schlinkmeier, Karsten"]
[Result "1/2-1/2"]
[WhiteElo "2019"]
[BlackElo "2115"]
[PlyCount "48"]
[EventDate "2009.03.??"]
[EventType "team-tourn"]
[EventRounds "9"]
[WhiteTeam "München-Bayern 3"]
[BlackTeam "Garching 1"]

1. e4 c6 2. d4 d5 3. exd5 cxd5 4. Bd3 Nf6 5. h3 Qc7 6. Nf3 Nc6 7. O-O Nb4 8.
Bb5+ Bd7 9. Bxd7+ Nxd7 10. c3 Nc6 11. g3 e6 12. Bf4 Bd6 13. Bxd6 Qxd6 14. Nbd2
O-O 15. Qe2 b5 16. a3 Rab8 17. Rfe1 a5 18. Ne5 Rfc8 19. Ndf3 Nf6 20. Nxc6 Rxc6
21. Ne5 Rc7 22. Nd3 Ne4 23. Kg2 Rcc8 24. Rec1 Qc7 1/2-1/2

[Event "Bayern-chTT (LL Sued)"]
[Site "Bayern 2008/09"]
[Date "2008.10.05"]
[Round "1.8"]
[White "Rusche, Johannes"]
[Black "Alink, Maarten"]
[Result "1-0"]
[WhiteElo "2036"]
[BlackElo "1976"]
[PlyCount "79"]
[EventDate "2009.03.??"]
[EventType "team-tourn"]
[EventRounds "9"]
[WhiteTeam "Garching 1"]
[BlackTeam "München-Bayern 3"]

1. e4 c5 2. Nf3 d6 3. Bc4 Nf6 4. c3 e6 5. Qe2 Be7 6. d4 O-O 7. Bb3 cxd4 8. cxd4
e5 9. h3 d5 10. dxe5 Nxe4 11. O-O Nc6 12. Rd1 Be6 13. Nc3 Nxc3 14. bxc3 Qa5 15.
Bb2 Rfd8 16. Nd4 Nxd4 17. cxd4 Bf5 18. Rac1 Rac8 19. g4 Be4 20. e6 Rxc1 21.
exf7+ Kxf7 22. Bxc1 Kf8 23. Bf4 Bd6 24. Bxd6+ Rxd6 25. f3 Bg6 26. Qe5 Qd8 27.
Re1 Bf7 28. Qf5 Kg8 29. Re5 Rf6 30. Qg5 Qc7 31. Qe3 Kf8 32. Kg2 Qd6 33. f4 Re6
34. f5 Re8 35. Rxe8+ Bxe8 36. Qe5 Qb4 37. Bxd5 Qd2+ 38. Kg3 Qd3+ 39. Bf3 Qa3
40. Qc5+ 1-0

[Event "Bayern-chTT (LL Sued)"]
[Site "Bayern 2008/09"]
[Date "2008.10.26"]
[Round "2.1"]
[White "Lickleder, Andreas"]
[Black "Straub, Juergen Dr"]
[Result "1-0"]
[WhiteElo "2199"]
[BlackElo "2187"]
[PlyCount "77"]
[EventDate "2009.03.??"]
[EventType "team-tourn"]
[EventRounds "9"]
[WhiteTeam "München-Bayern 3"]
[BlackTeam "Ingolstadt 1"]

1. e4 c5 2. Nf3 e6 3. b3 Nc6 4. Bb2 Nf6 5. e5 Nd5 6. g3 Be7 7. c4 Nc7 8. Bg2
O-O 9. O-O b5 10. d4 bxc4 11. bxc4 Rb8 12. Bc3 Ba6 13. d5 exd5 14. cxd5 Nd4 15.
Bxd4 Bxf1 16. Kxf1 Nxd5 17. Nc3 Nb6 18. Be3 Rc8 19. Ne4 Nc4 20. Bf4 h6 21. h4
Re8 22. Qc2 Nb6 23. Rd1 Rc6 24. h5 Bf8 25. Nh4 Qc8 26. Nf5 d5 27. Ned6 Qa6+ 28.
Kg1 Rd8 29. Ne3 Rcxd6 30. exd6 d4 31. Nd5 Na4 32. Bf1 Qc6 33. Qe4 Qd7 34. Bd3
f5 35. Ne7+ Bxe7 36. Qxe7 Nb2 37. Bxf5 Qxe7 38. dxe7 Re8 39. Rd2 1-0

[Event "Bayern-chTT (LL Sued)"]
[Site "Bayern 2008/09"]
[Date "2008.10.26"]
[Round "2.3"]
[White "Schulz, Michael(58)"]
[Black "Gerstner, Bernhard"]
[Result "1/2-1/2"]
[WhiteElo "2099"]
[BlackElo "2163"]
[PlyCount "99"]
[EventDate "2009.03.??"]
[EventType "team-tourn"]
[EventRounds "9"]
[WhiteTeam "München-Bayern 3"]
[BlackTeam "Ingolstadt 1"]

1. d4 Nf6 2. Nf3 e6 3. e3 b6 4. Bd3 Bb7 5. O-O d5 6. b3 Be7 7. Ne5 O-O 8. Bb2
Nbd7 9. f4 Ne4 10. c4 c5 11. Nc3 Rc8 12. cxd5 exd5 13. Rc1 Ndf6 14. Qe2 cxd4
15. exd4 Nxc3 16. Bxc3 Ne4 17. Bb2 Qd6 18. a3 Rxc1 19. Bxc1 Rc8 20. b4 a5 21.
b5 Rc7 22. Qh5 Bf6 23. Bb2 g6 24. Qe2 Bc8 25. Rc1 Bg7 26. Rxc7 Qxc7 27. Bxe4
dxe4 28. Qxe4 Bb7 29. Nc6 Qd7 30. h3 h5 31. Kf2 Bf6 32. Ke3 Kg7 33. Kf3 Qd6 34.
g4 Qd7 35. Kg3 Bc8 36. Qf3 Kh7 37. a4 Qe6 38. Ne5 Qa2 39. Qe2 Be6 40. gxh5 Qb3+
41. Nf3 Bd5 42. hxg6+ fxg6 43. Bc1 Qxa4 44. f5 gxf5 45. Qe3 Qb3 46. Qh6+ Kg8
47. Qg6+ Bg7 48. Qe8+ Kh7 49. Qh5+ Kg8 50. Qe8+ 1/2-1/2

[Event "Bayern-chTT (LL Sued)"]
[Site "Bayern 2008/09"]
[Date "2008.10.26"]
[Round "2.4"]
[White "Wurzel, Andre"]
[Black "Ankerst, Milka"]
[Result "1/2-1/2"]
[WhiteElo "2150"]
[BlackElo "2066"]
[PlyCount "94"]
[EventDate "2009.03.??"]
[EventType "team-tourn"]
[EventRounds "9"]
[WhiteTeam "Ingolstadt 1"]
[BlackTeam "München-Bayern 3"]

1. Nf3 Nf6 2. c4 e6 3. g3 d5 4. Bg2 Be7 5. d4 O-O 6. O-O c6 7. Qc2 Nbd7 8. b3
b6 9. Rd1 Bb7 10. Nc3 Rc8 11. e4 dxe4 12. Nxe4 Nxe4 13. Qxe4 Nf6 14. Qc2 Qc7
15. Bf4 Bd6 16. Bxd6 Qxd6 17. c5 Qe7 18. Ne5 bxc5 19. Qxc5 Qxc5 20. dxc5 Nd5
21. Nc4 Ba6 22. Nd6 Rc7 23. a3 Rb8 24. b4 Kf8 25. Rd2 h6 26. h4 Ke7 27. Re1 Kf8
28. Rb2 g6 29. Rc1 Ke7 30. Bxd5 exd5 31. a4 Bc8 32. b5 Be6 33. Rbb1 Bd7 34. Kg2
cxb5 35. axb5 Rxc5 36. Rxc5 Kxd6 37. Rc3 Rxb5 38. Ra1 Bc6 39. Ra6 Rb6 40. Rxa7
d4+ 41. Rxc6+ Rxc6 42. Rxf7 Ke5 43. Kf3 h5 44. Ke2 Kd5 45. Kd3 Rc3+ 46. Kd2 Ke5
47. Re7+ Kf5 1/2-1/2

[Event "Bayern-chTT (LL Sued)"]
[Site "Bayern 2008/09"]
[Date "2008.10.26"]
[Round "2.5"]
[White "Klenk, Robert"]
[Black "Holl, Andreas(57)"]
[Result "0-1"]
[WhiteElo "2086"]
[BlackElo "2147"]
[PlyCount "132"]
[EventDate "2009.03.??"]
[EventType "team-tourn"]
[EventRounds "9"]
[WhiteTeam "München-Bayern 3"]
[BlackTeam "Ingolstadt 1"]

1. d4 Nf6 2. c4 e6 3. Nc3 d5 4. cxd5 exd5 5. Bg5 Be7 6. e3 c6 7. Bd3 Bg4 8. f3
Bh5 9. Nge2 O-O 10. Qc2 Bg6 11. Bxg6 hxg6 12. O-O Nbd7 13. Rad1 Re8 14. Kh1 Rc8
15. Qd3 Qa5 16. Bh4 Nf8 17. e4 dxe4 18. fxe4 Ne6 19. Bg3 Rcd8 20. a3 Rd7 21. e5
Nd5 22. Ne4 Ndc7 23. b4 Qb5 24. Qf3 Rf8 25. Nc5 Bxc5 26. dxc5 Rxd1 27. Rxd1 Nd5
28. Nd4 Qc4 29. Bf2 Nxd4 30. Bxd4 Re8 31. h3 Re7 32. Qd3 Qxd3 33. Rxd3 a6 34.
Kg1 Rd7 35. Rd2 Kf8 36. Kf2 Ke7 37. Kf3 Ke6 38. Ke4 Rd8 39. Rf2 Rh8 40. Kd3 Rh4
41. Rb2 g5 42. a4 g4 43. Bf2 Rh5 44. hxg4 Rxe5 45. g3 Rg5 46. Re2+ Kd7 47. Re4
Nf6 48. Rf4 Rxg4 49. Rxg4 Nxg4 50. Bd4 g6 51. Kc4 Ke6 52. b5 axb5+ 53. axb5 f5
54. bxc6 bxc6 55. Bb2 Ne3+ 56. Kd3 Nf1 57. g4 f4 58. Ke4 g5 59. Bc1 Nh2 60.
Bxf4 gxf4 61. Kxf4 Nxg4 62. Kxg4 Kd5 63. Kf3 Kxc5 64. Ke3 Kc4 65. Kd2 Kb3 66.
Kc1 Kc3 0-1

[Event "Bayern-chTT (LL Sued)"]
[Site "Bayern 2008/09"]
[Date "2008.10.26"]
[Round "2.6"]
[White "Spiess, Martin"]
[Black "Loos, Stephan(66)"]
[Result "1-0"]
[WhiteElo "2103"]
[BlackElo "2005"]
[PlyCount "35"]
[EventDate "2009.03.??"]
[EventType "team-tourn"]
[EventRounds "9"]
[WhiteTeam "Ingolstadt 1"]
[BlackTeam "München-Bayern 3"]

1. e4 g6 2. d4 Bg7 3. c4 d6 4. Nc3 Nf6 5. f3 O-O 6. Be3 c6 7. Qd2 a6 8. O-O-O
b5 9. Bh6 Be6 10. h4 Nh5 11. d5 Bd7 12. Nge2 bxc4 13. g4 Nf6 14. h5 Bxg4 15.
fxg4 Nxg4 16. Bxg7 Kxg7 17. hxg6 fxg6 18. Nd4 1-0

[Event "Bayern-chTT (LL Sued)"]
[Site "Bayern 2008/09"]
[Date "2008.10.26"]
[Round "2.7"]
[White "Schulz, Juergen(37)"]
[Black "Sailer, Wolfgang"]
[Result "1/2-1/2"]
[WhiteElo "2079"]
[BlackElo "2051"]
[PlyCount "51"]
[EventDate "2009.03.??"]
[EventType "team-tourn"]
[EventRounds "9"]
[WhiteTeam "München-Bayern 3"]
[BlackTeam "Ingolstadt 1"]

1. d4 Nf6 2. Nf3 g6 3. g3 Bg7 4. Bg2 O-O 5. O-O d5 6. h3 Nc6 7. c3 Re8 8. Nbd2
e5 9. dxe5 Nxe5 10. Nxe5 Rxe5 11. e4 dxe4 12. Nxe4 Bf5 13. Nxf6+ Qxf6 14. Bf4
Rb5 15. Qc1 Qb6 16. Be3 Qe6 17. a4 Re5 18. Bf4 Re2 19. Re1 c6 20. Rxe2 Qxe2 21.
Be3 a6 22. g4 Be6 23. Bf1 Qf3 24. Bg2 Qe2 25. Bf1 Qf3 26. Bg2 1/2-1/2

[Event "Bayern-chTT (LL Sued)"]
[Site "Bayern 2008/09"]
[Date "2008.10.26"]
[Round "2.8"]
[White "Appel, Ewald"]
[Black "Juettner, Andreas"]
[Result "1-0"]
[WhiteElo "1960"]
[BlackElo "1948"]
[PlyCount "179"]
[EventDate "2009.03.??"]
[EventType "team-tourn"]
[EventRounds "9"]
[WhiteTeam "Ingolstadt 1"]
[BlackTeam "München-Bayern 3"]

1. e4 e6 2. d4 d5 3. Nd2 Nf6 4. e5 Nfd7 5. Bd3 c5 6. c3 Nc6 7. Ne2 Qb6 8. Nf3
cxd4 9. cxd4 f6 10. exf6 Nxf6 11. O-O Bd6 12. Re1 O-O 13. Nf4 Ne4 14. g3 Bxf4
15. Bxf4 Qxb2 16. Bxe4 dxe4 17. Rxe4 Ne7 18. Re2 Qa3 19. Re3 Qa6 20. Rb3 Bd7
21. Qe1 Nd5 22. Bc1 Rac8 23. Ne5 Ba4 24. Rb2 Rc7 25. Bd2 Rfc8 26. h4 Bc2 27. a3
Bf5 28. Kh2 Qa4 29. Bb4 Rc2 30. Rxc2 Qxc2 31. Bd2 Qb2 32. Rc1 Re8 33. g4 Bc2
34. Bb4 Ba4 35. Qd2 Qb3 36. g5 b6 37. Qd3 Qxd3 38. Nxd3 Rd8 39. Ne5 g6 40. Bd2
Kf8 41. Kg3 Ke7 42. h5 gxh5 43. Kh4 Rf8 44. f3 Be8 45. Rc8 a5 46. Bc1 Bg6 47.
Rc6 Rd8 48. Rc4 Rf8 49. a4 Kd8 50. Ba3 Rf4+ 51. Kg3 h4+ 52. Kh3 Bd3 53. Rc1 Be2
54. Bd6 Rf5 55. Kxh4 Bxf3 56. Nxf3 Rxf3 57. Kg4 Rd3 58. Be5 Kd7 59. Rh1 Ne3+
60. Kf3 Nf5+ 61. Kf2 Kc6 62. Rxh7 Rd2+ 63. Kg1 Rd1+ 64. Kh2 Rd2+ 65. Kh3 Rd3+
66. Kg4 Rd1 67. Rc7+ Kd5 68. Kh5 Rg1 69. Rd7+ Ke4 70. Kg6 Nh4+ 71. Kf6 Rf1+ 72.
Kxe6 Nf3 73. Bf6 Rg1 74. Rd5 Rg4 75. Kd6 Rg2 76. Ke6 Nh4 77. Re5+ Kf3 78. Re1
Kf2 79. Rb1 Rg4 80. d5 Nf3 81. d6 Nxg5+ 82. Kf5 Rxa4 83. Bxg5 Ra3 84. Rd1 b5
85. d7 Rf3+ 86. Bf4 a4 87. d8=Q a3 88. Qd4+ Kg2 89. Qg1+ Kh3 90. Qg4# 1-0

[Event "Bayern-chTT (LL Sued)"]
[Site "Bayern 2008/09"]
[Date "2008.10.26"]
[Round "2.1"]
[White "Bredl, Harald"]
[Black "Umansky, Mikhail(52)"]
[Result "1-0"]
[WhiteElo "2310"]
[BlackElo "2414"]
[PlyCount "85"]
[EventDate "2009.03.??"]
[EventType "team-tourn"]
[EventRounds "9"]
[WhiteTeam "Garching 1"]
[BlackTeam "Haunstetten 1"]

1. e4 g6 2. d4 Bg7 3. Nc3 d6 4. f4 Nf6 5. a3 O-O 6. Nf3 Nc6 7. Be3 Bg4 8. h3
Bxf3 9. Qxf3 e5 10. dxe5 dxe5 11. f5 Nd4 12. Qf2 c6 13. O-O-O b5 14. g4 Qa5 15.
g5 b4 16. axb4 Qa1+ 17. Kd2 Qxb2 18. Bd3 Nh5 19. Rb1 Qa3 20. f6 Bh8 21. Bxd4
exd4 22. Qxd4 c5 23. bxc5 Rfd8 24. Qb4 Qxb4 25. Rxb4 Nf4 26. Rc4 Ne6 27. h4 h6
28. Nd5 Kf8 29. Ke3 Rac8 30. c6 Rd6 31. Ne7 Rc7 32. e5 Rd8 33. h5 Rxe7 34.
fxe7+ Kxe7 35. gxh6 g5 36. c7 Rc8 37. Ra1 Bxe5 38. Rxa7 Kf6 39. h7 Kg7 40. Bf5
Kh8 41. Bxe6 fxe6 42. Ke4 Bf4 43. Rd4 1-0

[Event "Bayern-chTT (LL Sued)"]
[Site "Bayern 2008/09"]
[Date "2008.10.26"]
[Round "2.2"]
[White "Grimberg, Boris"]
[Black "Schmitz, Thorsten(74)"]
[Result "1-0"]
[WhiteElo "2310"]
[BlackElo "2243"]
[PlyCount "55"]
[EventDate "2009.03.??"]
[EventType "team-tourn"]
[EventRounds "9"]
[WhiteTeam "Haunstetten 1"]
[BlackTeam "Garching 1"]

1. e4 d5 2. exd5 Nf6 3. d4 Nxd5 4. Nf3 g6 5. c4 Nb6 6. Nc3 Bg7 7. Be3 O-O 8. h3
Nc6 9. Qd2 e5 10. d5 Ne7 11. g4 f5 12. O-O-O fxg4 13. Ng5 Nf5 14. hxg4 Nxe3 15.
Qxe3 h6 16. Ne6 Bxe6 17. dxe6 Qe8 18. c5 Nc8 19. Bc4 Ne7 20. Rd7 Rf4 21. Bb3
Rc8 22. Rxe7 Qxe7 23. Nd5 Qe8 24. Nxf4 exf4 25. e7+ Kh7 26. Qe6 Qh8 27. Bc2
Bxb2+ 28. Kb1 1-0

[Event "Bayern-chTT (LL Sued)"]
[Site "Bayern 2008/09"]
[Date "2008.10.26"]
[Round "2.3"]
[White "Pitschka, Claus"]
[Black "Wolf, Armin(61)"]
[Result "1/2-1/2"]
[WhiteElo "2248"]
[BlackElo "2130"]
[PlyCount "43"]
[EventDate "2009.03.??"]
[EventType "team-tourn"]
[EventRounds "9"]
[WhiteTeam "Garching 1"]
[BlackTeam "Haunstetten 1"]

1. d4 g6 2. e4 Bg7 3. Nc3 d6 4. g3 Nf6 5. Bg2 O-O 6. Nge2 Nbd7 7. O-O c5 8. h3
Rb8 9. a4 b6 10. Be3 Bb7 11. Qd2 Re8 12. Bh6 Bh8 13. Kh2 a6 14. d5 b5 15. axb5
axb5 16. Nxb5 Bxd5 17. exd5 Rxb5 18. b3 Rb8 19. Ra7 Ra8 20. Rfa1 Rxa7 21. Rxa7
Qb6 22. Qa5 1/2-1/2

[Event "Bayern-chTT (LL Sued)"]
[Site "Bayern 2008/09"]
[Date "2008.10.26"]
[Round "2.4"]
[White "Herb, Stefan"]
[Black "Schleich, Markus"]
[Result "1/2-1/2"]
[WhiteElo "2029"]
[BlackElo "2203"]
[PlyCount "32"]
[EventDate "2009.03.??"]
[EventType "team-tourn"]
[EventRounds "9"]
[WhiteTeam "Haunstetten 1"]
[BlackTeam "Garching 1"]

1. Nf3 d6 2. e4 Nf6 3. Nc3 g6 4. d4 Bg7 5. Bc4 O-O 6. Qe2 c6 7. e5 dxe5 8. dxe5
Nd5 9. Bd2 Bg4 10. O-O-O Nd7 11. Nxd5 cxd5 12. Bxd5 Nxe5 13. Bf4 Bxf3 14. gxf3
Qc7 15. Kb1 e6 16. Rhe1 exd5 1/2-1/2